01185 a2200325 4500003000500000005001700005010001700022020001800039035002200057040000900079082000800088100002200096245015800118260005100276300002200327650004200349650002700391650004200418650002200460650004600482650004400528650002700572650004200599650004800641650004500689650006000734651001100794700002900805700002500834Nust20170207154049.0 a 2004022581 a0-8389-0892-6 a(DLC) 2004022581 cNust00a0271 aDurrance, Joan C.10aHow libraries and librarians help :a guide to identifying user-centered outcomes(E-BOOK)cJoan C. Durrance and Karen E. Fisher ; with Marian Bouch Hinton aChicago :bAmerican Library Association,c2005 ax, 183 s. :bill. 0aBibliotek och samh䬬ezF?ta staterna 0aBibliotekxutv䲤ering 0aBibliotekxutv䲤eringzF?ta staterna 0aBiblioteksservice 0aFolkbibliotekxutv䲤eringzF?ta staterna 0aLibraries and communityzUnited States. 0aLibrariesxEvaluation. 0aLibrarieszUnited StatesxEvaluation. 0aPublic librarieszUnited StatesxEvaluation 0aPublic services (Libraries)xEvaluation. 0aPublic services (Libraries)zUnited StatesxEvaluation. aE-BOOK1 aFisher, Karen E.,d1966-1 aHinton, Marian Bouch